00867nam a2200229 4500003000400000005001700004008004100021040002300062041000800085050001600093100005200109245015300161264011200314300003400426336002200460337002400482338002400506650003900530650003600569942001500605999001700620ISO20260530113916.0260508b1973 xxu||||| |||| 00| 0 eng d aicibspacicierda aeng aZ675.U5 E44 aEllsworth, Ralph E.d 1907-2000, eautor93408110aAcademic library buildings : |b A guide to architectural issues and solutions /bA guide to architectural issues and solutions /cRalph A. Ellsworth1 aBoulder, colorado : |b Colorado associated university press, bColorado associated university press, c1973 a530 páginas:bilustraciones 2rdacontentatexto 2rdamediaasin medio 2rdacarrieravolumen aArquitectura de bibliotecas934082 aBibliotecas académicas934083 2lccn1cBK c12288d12288